[Event "Mitropa Cup 16th"]
[Site "Buekfuerdo"]
[Date "1995.??.??"]
[Round "9"]
[White "Zelcic, Robert"]
[Black "Robatsch, Karl"]
[Result "1/2-1/2"]
[WhiteElo "2500"]
[BlackElo "2410"]
[Annotator "Ernst,T"]
[PlyCount "107"]
[EventDate "1995.02.27"]
[EventType "team-tourn"]
[EventRounds "9"]
[EventCountry "HUN"]
[SourceTitle "CBM 046 Extra"]
[Source "ChessBase"]
[SourceDate "1995.07.01"]
[SourceVersion "1"]
[SourceVersionDate "1995.07.01"]
[SourceQuality "1"]

1. e4 c5 2. Nf3 d6 3. d4 cxd4 4. Nxd4 Nf6 5. Nc3 Nc6 6. Be2 g6 7. Nb3 Bg7 8.
O-O O-O 9. Bg5 {[#]} Rb8 $5 10. a4 {[#]} (10. f4 $6 b5 11. Bf3 b4 12. Nd5 Nxd5
13. exd5 Na5 $15 {>< Bg5. Kleinplatz,S-Koch,JR/Cannes/1993}) (10. Re1 a6 11.
Bf1 (11. a4 $5) (11. f4 b5 12. Bf3 h6 13. Bh4 e5 $10 {Zapata,A-Hernandez,R/
Cuba/1990}) 11... Re8 12. Nd5 Nd7 13. c3 b5 14. a4 b4 $132 {Pliester,L-Sax,G/
Aruba/1992}) 10... Na5 $1 $146 (10... Be6) 11. Nxa5 (11. f4 Nxb3 12. cxb3 Be6
13. Kh1 Qb6 $132) 11... Qxa5 12. Qd2 (12. f4 $2 Qb6+ 13. Kh1 Qxb2 $17) 12...
Be6 13. Rfd1 Rfc8 14. Bxf6 Bxf6 15. Nd5 Qxd2 16. Nxf6+ exf6 17. Rxd2 $14 {[#]}
Kf8 18. f4 f5 19. exf5 Bxf5 20. c4 Rc6 21. a5 b6 22. a6 h5 23. b3 Ke7 24. Re1
Be6 25. Bf3 Rc7 26. h3 b5 27. Bd5 bxc4 28. bxc4 Rb6 $10 29. Rde2 Rxa6 30. g4
hxg4 31. hxg4 Kd7 32. Bxe6+ fxe6 33. Rxe6 Rxc4 34. Rxg6 Rxf4 35. Kg2 Rd4 36.
Re3 Ra1 37. Rg7+ Kc6 38. Kf3 a5 39. g5 Rf1+ 40. Ke2 Rf5 41. Rc3+ Kd5 42. Ra7
Re4+ 43. Re3 Rxe3+ 44. Kxe3 Kc4 45. g6 Rg5 46. g7 Kb5 47. Rd7 Kc6 48. Ra7 a4
49. Rxa4 Rxg7 50. Kd2 Kb5 51. Ra3 Rg2+ 52. Kd1 d5 53. Rf3 Kc4 54. Rh3 1/2-1/2

[Event "Baden-Baden-B"]
[Site "Baden-Baden"]
[Date "1992.12.07"]
[Round "3"]
[White "Xie, Jun"]
[Black "Tischbierek, Raj"]
[Result "1-0"]
[WhiteElo "2480"]
[BlackElo "2495"]
[Annotator "Ernst,T"]
[PlyCount "69"]
[EventDate "1992.12.??"]
[EventType "tourn"]
[EventRounds "11"]
[EventCountry "GER"]
[EventCategory "11"]
[SourceTitle "CBM 033"]
[Source "ChessBase"]
[SourceDate "1993.04.01"]
[SourceVersion "1"]
[SourceVersionDate "1993.04.01"]
[SourceQuality "1"]

1. e4 c5 2. Nf3 d6 3. d4 cxd4 4. Nxd4 Nf6 5. Nc3 Nc6 6. Be2 g6 7. Nb3 Bg7 8.
O-O O-O 9. Bg5 a6 10. f4 b5 11. Bf3 b4 12. Na4 (12. Nd5 Nxd5 13. exd5 Na5 14.
Rb1 Nc4 15. Qe2 Qc7 $1 16. Kh1 Bf5 $17 {Zapata-Miles, Thessaloniki (ol) 1984.})
(12. Nd5 Nxd5 13. exd5 Na5 14. Rb1 Nc4 15. Qe2 Qc7 $1 16. c3 a5 17. Nd4 Ba6 18.
Qf2 bxc3 19. bxc3 Na3 $17 {Magomedov-Torok, Budapest 1991.}) 12... Qc7 13. c4 (
13. Rf2 Rb8 14. c3 Na5 15. cxb4 Nxb3 $1 16. Qxb3 Be6 17. Qc3 Qa7 18. Qe1 Bd7
19. Nc3 Rxb4 $10 {Zapata-Kudrin, Titograd 1984.}) 13... Be6 (13... bxc3 14.
Nxc3 Be6 15. Kh1 Rab8 16. Rc1 Qb6 17. e5 $1 $16) (13... bxc3 14. Nxc3 Be6 15.
Kh1 Rfc8 $1 16. Rc1 Qb6 $10) (13... Nd7 14. Kh1 a5 15. Qd2 Nb6 16. Nxb6 Qxb6
17. Bh4 a4 $15 {Gipslis-Shirov,A/Daugavpils/1990/}) 14. Rc1 Rad8 15. Qc2 Rfe8
16. Kh1 Na5 17. c5 $1 $16 Nxb3 18. axb3 d5 19. f5 gxf5 20. exf5 Bc8 21. c6 e5
22. fxe6 fxe6 23. Qf2 Rf8 24. Qb6 Qe5 25. Qe3 Qxe3 (25... Qc7 26. Bf4 $16) 26.
Bxe3 e5 27. Nb6 d4 28. Bg5 e4 29. Bxf6 Rxf6 30. Bxe4 $18 Rxf1+ 31. Rxf1 Be5 32.
Bd3 Kg7 33. Re1 Kf6 34. Bc4 d3 35. Nd5+ 1-0

[Event "Groningen PCA"]
[Site "Groningen"]
[Date "1993.??.??"]
[Round "6"]
[White "Ljubojevic, Ljubomir"]
[Black "Alterman, Boris"]
[Result "1-0"]
[WhiteElo "2595"]
[BlackElo "2585"]
[Annotator "Ernst,T"]
[PlyCount "91"]
[EventDate "1993.12.??"]
[EventType "swiss"]
[EventRounds "11"]
[EventCountry "NED"]
[SourceTitle "CBM 039"]
[Source "ChessBase"]
[SourceDate "1994.04.01"]
[SourceVersion "1"]
[SourceVersionDate "1994.04.01"]
[SourceQuality "1"]

1. Nf3 c5 2. e4 d6 3. d4 cxd4 4. Nxd4 Nf6 5. Nc3 g6 6. Be2 Bg7 7. O-O O-O 8.
Bg5 Nc6 9. Nb3 a6 10. f4 b5 11. a3 Be6 (11... Bb7 12. Bf3 Rc8 $6 (12... a5 $3
13. Kh1 b4 14. axb4 axb4 15. Rxa8 Bxa8 16. Nd5 e6 17. Nxf6+ Bxf6 18. Bxf6 Qxf6
19. Qxd6 Qxb2 20. Qc5 Qc3 21. Qf2 Rd8 $17 {Bistric,F-Adorjan,A/Sarajevo/1982/})
13. Kh1 $14 {Bischoff,K-Schlemeyer,W/Bl/8283}) 12. Kh1 Rc8 (12... Rb8 13. Bf3
b4 14. Nd5 Bxd5 15. exd5 Na5 16. Nd4 Qc7 $13 {Hansen,MS-Prevot,E/Cappelle op/
1993/}) 13. Bd3 (13. Bf3 Bc4 14. Rf2 Qb6 15. Rd2 a5 16. Nd5 Bxd5 17. exd5 Nb8
18. Nd4 $14 {Yurtaev,L-Serper,G/Frunze/1988/}) 13... Nd7 14. Nd2 Nb6 15. f5 Bd7
16. Qe1 Ne5 17. Qh4 f6 18. Be3 Be8 19. h3 Bf7 20. Qf2 Nbc4 21. Nxc4 Nxc4 22.
Bc1 $14 e6 23. a4 b4 24. Nd1 a5 25. Ne3 Ne5 26. Ba6 Rc5 27. Rd1 Qc7 28. Bb5 Rd8
29. c3 bxc3 30. bxc3 exf5 (30... Rxc3 31. Bb2 Rb3 32. Rac1 $44) 31. exf5 Rxc3
32. Bb2 Rb3 33. Rac1 Qb7 34. Rc3 Qe4 35. Re1 Qb4 36. Rxb3 Qxb3 37. Qd2 Bh6 38.
Qxa5 Rc8 39. Bd4 Nd3 40. Qa6 $1 $16 Nxe1 41. Qxc8+ Kg7 42. Bxf6+ $1 Kxf6 43.
Ng4+ Kg5 (43... Kg7 44. f6# $18) (43... Ke7 44. f6# $18) 44. Qc1+ Kh4 45. Qxh6+
Kg3 46. Qd2 1-0

[Event "Eksjo"]
[Site "Eksjo"]
[Date "1995.??.??"]
[Round "?"]
[White "Lukez, Franko"]
[Black "Ernst, Thomas"]
[Result "0-1"]
[WhiteElo "2320"]
[BlackElo "2465"]
[Annotator "Ernst,T"]
[PlyCount "86"]
[EventDate "1995.??.??"]
[EventType "game"]
[EventRounds "1"]
[EventCountry "SWE"]
[SourceTitle "CBM 045"]
[Source "ChessBase"]
[SourceDate "1995.04.01"]
[SourceVersion "1"]
[SourceVersionDate "1995.04.01"]
[SourceQuality "1"]

1. Nf3 c5 2. e4 d6 3. d4 cxd4 4. Nxd4 Nf6 5. Nc3 g6 6. g3 Nc6 7. Nde2 Bg7 8.
Bg2 O-O 9. b3 Rb8 10. Bb2 b5 11. Qd2 b4 $1 $146 {[#]} (11... Ne5 12. f4 $14 {
Topalov,A-Shirov,A/Las Palmas/1994}) 12. Nd1 (12. Nd5 $2 Nxe4 $1 $19) 12... Bb7
13. O-O a5 14. a3 $2 (14. Rb1 $1 Ne5 15. f3 (15. f4 $6 Ned7 $15) 15... Qc7 16.
Ne3 Rfd8 $1 (16... Rfc8 17. Rbc1 Bh6 (17... Ba6 18. c4 bxc3 (18... a4 19. Nd5
$2 (19. Rfd1 $14) 19... Nxd5 20. exd5 Nd3 $1 21. Bxg7 Nxc1 22. Ba1 Nxe2+ 23.
Qxe2 $44) 19. Bxc3 $14 Nd3 $2 20. Bxf6 $1 $18) (17... Ra8 $5) 18. c4 (18. Kh1)
18... bxc3 19. Bxc3 d5 $2 20. f4 $1 $18 {/\ 21.Bxf6.}) 17. c4 bxc3 18. Nxc3 Bh6
$5 $10) 14... Qc7 15. Rb1 Rfc8 (15... Rfd8 $5) 16. Ne3 Ne5 17. f3 $8 bxa3 18.
Bxa3 Bh6 {/\ 19..Bxe3 20.Qxe3 Qxc2 , /\ 19..a4 20.b3xa4? Nc4.} 19. Nf4 Ba6 20.
Rf2 (20. Rfc1 a4 $1 (20... Qc3 21. Qf2 $1) 21. bxa4 Nc4 22. Nxc4 Qxc4 $15 {
/\ 23..e5.}) 20... a4 {[#]} 21. Bh3 (21. Qd4 $5 axb3 22. Rxb3 Rxb3 23. cxb3
Bxf4 24. gxf4 Nd3 25. Rc2 Qb8 26. Rxc8+ Qxc8 27. e5 Nc1 $5 (27... Nh5 $2 28.
Nd5 $16) (27... dxe5)) (21. Qd1 $2 axb3 22. Rxb3 Rxb3 23. cxb3 Bxf4 24. gxf4
Nd3 25. Rc2 Qb8 26. Rxc8+ Qxc8 $15) (21. Ned5 $2 Nxd5 22. Nxd5 Bxd2 23. Nxc7
Rxc7 24. Rxd2 Nc4 $19) 21... Rd8 (21... Qc3 $5 22. Bc1 (22. Bxc8 Qxd2 23. Rxd2
Nxf3+ $19) (22. Qxc3 Rxc3 23. Ned5 Nxf3+ 24. Rxf3 Rxf3 25. Nxe7+ Kg7 26. Bxd6
$13) 22... Qxd2 23. Bxd2 Rc5 $15) 22. Nfd5 (22. Bb4 $2 {[#]} axb3 23. Rxb3 $5
$15 (23. Ba5 $6 bxc2 $1 (23... Qa7 24. Bxd8 bxc2 25. Rxb8 Qxb8 26. Qxc2 Qxd8
$16) 24. Rc1 Qa7 25. Bxd8 Rxd8 $44 26. Rxc2 (26. Bf1 $2 Bxf1 27. Kxf1 Qa6+ (
27... Nh5 $1 28. Neg2 Nxf4 29. gxf4 $8 Nc4 30. Qd3 (30. Qxc2 Ne3+ 31. Nxe3 Qxe3
$17) 30... Na3 31. Ra1 Qc5 $17) 28. Qe2 Qxe2+ 29. Kxe2 Nc6) 26... Bxf4 27. gxf4
Nd3 $17 28. Bf1 $2 Nxf2 29. Ra2 Nd1 $1 $19)) 22... Nxd5 23. Nxd5 Bxd2 24. Nxc7
Bc8 $8 25. Kg2 $2 (25. Bxc8 Rbxc8 26. Nd5 Rxc2 27. Nxe7+ Kf8 28. Nd5 axb3 29.
Rxb3 Nc4 30. Bb4 Rc1+ 31. Kg2 Bxb4 32. Rxb4 Ne5 $10) 25... Be3 26. Re2 Bxh3+
27. Kxh3 Bc5 $1 28. Bxc5 $8 dxc5 29. Re3 (29. Nd5 e6 30. Ne7+ Kf8 31. f4 $1 {
Lekander} Kxe7 32. fxe5 c4 $1 33. b4 Rb5 $17) (29. f4 Nf3 $1 30. Nd5 Kf8 $17 {
Und 31..Nd4.}) 29... h5 $1 {[#]} (29... Rd2 {Nicht so einfach.} 30. Na6 Rb5 31.
Rc3 c4 32. f4 $1 $13 (32. b4 $2 Rf2 33. f4 Nf3 34. g4 Nd2 $19)) 30. Rf1 $2 (30.
Nd5 e6 31. Nc3 (31. Ne7+ $2 Kf8 32. f4 $1 {Lekander} Ng4 $19) (31. Nf4 Rd2 $17)
31... Rd2 32. bxa4 (32. Nxa4 g5 $1 33. Nxc5 (33. Rh1 Rxc2 $5 $19) 33... g4+ 34.
Kh4 (34. fxg4 $2 hxg4+ 35. Kh4 f6 $1 36. Rh1 Kf7 $1 {Und 37..Rh8#}) 34... Rxh2+
35. Kg5 Rxc2 $19) 32... Rxb1 33. Nxb1 Rxc2 $17) (30. Rc1 Rd2 (30... a3 $6 31.
Ra1 $2 (31. g4 hxg4+ 32. fxg4 a2) 31... Rd2 32. Rxa3 g5 $1 {Mit starkem
Angriff, z.B} 33. g4 h4 34. Nd5 Ng6 35. Rd3 $8 Rxc2 36. Ra7 c4 $19) (30... axb3
$2 31. cxb3 Rd2 32. Rxc5 Nd3 $1 33. Rb5 $1 $10) 31. bxa4 $2 (31. g4 hxg4+ (
31... axb3 32. Rxb3 Rxb3 33. cxb3 Nd3 34. Rg1 Nf4+ 35. Kh4 g5+ 36. Kxg5 Nh3+
$19) 32. fxg4 Rxh2+ 33. Kxh2 Nxg4+ 34. Kg3 Nxe3 35. Kf3 Nxc2 36. Rxc2 axb3 $17
37. Rb2 c4 38. Nd5 e6 39. Nc3 Rd8 $19) 31... g5 $1 $17 32. g4) (30. Na6 Rb5 $8
31. Rf1 (31. Rc3 Rd2 32. Nxc5 Nxf3 33. Rxf3 Rxc5 34. Rd3 Rdxc2 35. bxa4 Ra2 $19
) (31. b4 $6 cxb4 32. Rxb4 Ra5 $17) 31... Rd2 32. Rc3 axb3 33. cxb3 g5 $1 $17 {
Der Angriff schlägt durch.}) 30... axb3 (30... Rd2 $5 31. bxa4 g5 $1) 31. cxb3
(31. Rxb3 Rxb3 32. cxb3 Rd3) 31... Rd3 32. Rxd3 Nxd3 $19 33. f4 Rxb3 34. Nd5 c4
$1 (34... e6 35. Nf6+ Kg7 36. e5 c4 37. Rf3 (37. Ra1 $2 Nxf4+ $19) 37... Rb2
$19) 35. Nxe7+ Kf8 36. Nc6 c3 37. Nd4 Rb2 38. Rf3 Nf2+ 39. Kh4 Nxe4 40. h3 c2
41. Ne2 Rb1 42. f5 g5+ 43. Kxh5 Re1 0-1

[Event "Hoogovens-B"]
[Site "Wijk aan Zee"]
[Date "1994.01.??"]
[Round "1"]
[White "Reinderman, Dimitri"]
[Black "Wojtkiewicz, Aleksander"]
[Result "1/2-1/2"]
[WhiteElo "2430"]
[BlackElo "2560"]
[Annotator "Ernst,T"]
[PlyCount "77"]
[EventDate "1994.01.21"]
[EventType "tourn"]
[EventRounds "9"]
[EventCountry "NED"]
[EventCategory "9"]
[SourceTitle "CBM 040"]
[Source "ChessBase"]
[SourceDate "1994.06.01"]
[SourceVersion "1"]
[SourceVersionDate "1994.06.01"]
[SourceQuality "1"]

1. e4 c5 2. Ne2 Nf6 3. Nbc3 d6 4. g3 Nc6 5. Bg2 g6 6. d4 cxd4 7. Nxd4 Nxd4 8.
Qxd4 Bg7 9. O-O O-O 10. a4 Be6 11. Qb4 Qc7 12. a5 Nd7 13. Nd5 (13. Bd2 Rfe8 14.
Rfc1 Ne5 15. Nd5 $14 {Kindermann,S-Wirthensohn,H/Hamburg/1991/}) (13. Bg5 Rfe8
14. Rfc1 Ne5 15. Nd5 Qd7 $10 {Milosevic,G-Petursson,M/Lugano op/1989/}) (13.
Be3 Bxc3 14. bxc3 Ne5 15. f4 Nc4 16. Bd4 f6 17. Rfe1 $14 {Kotronias,V-Georgiev,
Kir/Sofia 42-234/1986/}) 13... Bxd5 14. exd5 Qxc2 15. Bg5 (15. Qxb7 Nc5 16.
Qxe7 Nb3 17. Be4 Qc4 18. Rb1 Rae8 $17) 15... Qxb2 16. Qxb2 Bxb2 17. Bxe7 Bxa1
18. Rxa1 Rfe8 19. Bxd6 Rac8 20. Bf4 Nc5 21. Be3 Kf8 22. Re1 Rxe3 23. Rxe3 Re8
$10 24. Rc3 Re1+ 25. Bf1 b6 26. axb6 axb6 27. Kg2 Rd1 28. Bc4 Rd4 29. Kf3 Ke7
30. Rc2 Kd6 31. Ke3 Re4+ 32. Kd2 f5 33. f3 Rd4+ 34. Ke3 Rd1 35. Ra2 Rc1 36. Kd4
Rd1+ 37. Ke3 Rc1 38. Kd4 Rd1+ 39. Ke3 1/2-1/2

[Event "Asia-ch"]
[Site "Kolkata"]
[Date "2001.08.13"]
[Round "5"]
[White "Iuldachev, Saidali"]
[Black "Torre, Eugenio"]
[Result "1-0"]
[WhiteElo "2508"]
[BlackElo "2541"]
[Annotator "Finkel,A"]
[PlyCount "111"]
[EventDate "2001.08.09"]
[EventType "swiss"]
[EventRounds "11"]
[EventCountry "IND"]
[SourceTitle "CBM 085"]
[Source "ChessBase"]
[SourceDate "2001.11.13"]
[SourceVersion "1"]
[SourceVersionDate "2001.11.13"]
[SourceQuality "1"]

1. e4 d6 2. d4 Nf6 3. Nc3 g6 4. Nf3 Bg7 5. Be2 O-O 6. O-O c5 7. Re1 {After
this move position becomes typical for the sicilian defense} (7. dxc5 dxc5 8.
Be3 (8. Bf4 Nc6 (8... Nh5 9. Be5 Nc6 10. Bxg7 Kxg7 11. Qc1 Qd6 12. Qe3 Nd4 13.
Nb5 Nxb5 14. Bxb5 e5 15. Qc3 $14 {Righi,E-Biosvert,J/Erevan olm 1996}) 9. h3 b6
(9... Nd4 10. Bc4 Be6 11. Bxe6 fxe6 $5 12. Bg5 Qb6 13. e5 Nd7 14. Nxd4 cxd4 15.
Na4 Qc6 $132 {Volkmann,F-Loebler,H/AUT-chT9495}) 10. e5 Nd7 $6 (10... Qxd1 $1
11. Raxd1 Nd7 12. Bb5 Ndxe5 13. Nxe5 Nxe5 14. Rfe1 f6 15. Nd5 $44) 11. Qd5 $14
{Solak,D-Velimirovic,D/Novak Nikolic mem 2nd 2000}) 8... b6 9. Qxd8 Rxd8 10.
Rfd1 Nc6 11. Rxd8+ Nxd8 12. Rd1 Bb7 13. Nd2 (13. e5 Ng4 14. Bg5 Nxe5 15. Nxe5
Bxe5 {1/2-1/2 Pavasovic,D-Mohr,G/Maribor 1996}) 13... Nc6 14. Nc4 (14. Nb5 Rd8
15. c3 Ba6 16. f3 Ne5 17. a4 Rd7 18. Kf1 h5 19. h3 Kh7 $11 {Titz,H-Dornieden,M/
8th World Seniors 1998}) 14... Rd8 15. Rxd8+ Nxd8 16. f3 Nd7 17. Nb5 Nc6 $11 {
Andersson,U-Torre,E/Leningrad 1987}) (7. Kh1 b6 8. d5 Na6 9. Ng1 Nc7 10. a4 e6
11. dxe6 fxe6 12. f4 Bb7 13. Bf3 d5 14. e5 Nd7 $15 {Roos,J-Horvath,C/Honved-B
1997}) 7... cxd4 (7... a6 8. a4 b6 9. e5 dxe5 10. dxe5 Ng4 11. h3 Nxe5 12. Nxe5
Bxe5 13. Qxd8 Rxd8 14. Nd5 $14 {Hellsten,J-Agrest,E/SWE-ch 1998}) 8. Nxd4 Nbd7
(8... Nc6 9. Nb3 b6 (9... Be6 10. Bf1 (10. Bg5 a5 11. Bb5 Na7 12. Bf1 Nc6 13.
a4 $14 {Rotman,D-Kanstler,B/Petach Tikva 1996}) 10... a5 11. a4 Bxb3 12. cxb3
e6 13. Bg5 h6 14. Bf4 d5 15. exd5 Nxd5 16. Nxd5 exd5 17. Qd2 $13 {Lakos,
N-Kindermann,S/Mitropa Cup 1998}) 10. Bf1 Bb7 11. Nd5 Nd7 12. c3 Re8 13. Bg5 h6
14. Bh4 g5 15. Bg3 Nce5 16. Nd2 e6 $132 {Luther,T-Hickl,J/GER-ch 1998}) 9. a4
a6 (9... Nc5 10. Bf3 (10. Bf1 d5 11. exd5 Nxd5 12. Nxd5 Qxd5 $11) 10... Bd7 11.
Bg5 Qb6 12. b3 $14) 10. a5 Nc5 11. Bf3 e6 {Now the pawn on d6 becomes weakness,
but it's not so easy for wite to tke advantage of this fact.} (11... e5 12. Nb3
(12. Nde2 d5 13. Nxd5 Nxd5 14. Qxd5 Qxd5 15. exd5 e4 16. Be3 exf3 17. Bxc5 fxe2
18. Bxf8 Kxf8 19. c3 $14) 12... Nxb3 13. cxb3 Be6 14. b4 $14) 12. Be3 Qc7 13.
Ra3 $1 Ncd7 $6 (13... e5 $5 14. Nb3 Be6 15. Nxc5 $6 dxc5 16. Nd5 Bxd5 17. exd5
e4 $13) 14. Nb3 Ne5 15. Bb6 Nxf3+ 16. Qxf3 Qe7 17. Raa1 $14 {[%csl Rd6]
Preparing to double the rooks over the d-file} Nd7 (17... Bd7 $5 18. Rad1 $1 (
18. e5 $6 dxe5 19. Bc5 (19. Qxb7 Rfb8 20. Qf3 e4 21. Qg3 Nd5 $132) 19... Qd8
20. Bxf8 Bc6 $1 21. Qh3 (21. Ne4 Kxf8 22. Nbd2 Nd5 $13) (21. Bxg7 Bxf3 22. Bxf6
Qxf6 23. gxf3 Qxf3 $13) 21... Qxf8 22. Rxe5 Nd5 $44) 18... Bc6 19. Qg3 Ne8 20.
Nd4 $14) 18. Bd4 Ne5 19. Qe2 Bd7 20. f4 Nc6 21. Bxg7 Kxg7 22. Na4 (22. Qd2 Rad8
23. Rad1 Bc8 24. Re3 $14) 22... Rad8 23. Nb6 Nb8 $5 {[%cal Gd7c6,Gb8d7] Good
defensive manouvre} (23... e5 24. Nd5 Qh4 25. Rf1 $14) 24. Rad1 Bc6 25. Qe3 Nd7
26. Nxd7 (26. e5 dxe5 27. Nxd7 Rxd7 28. Rxd7 Qxd7 29. Qxe5+ Kg8 $11) 26... Rxd7
27. Rd2 e5 28. f5 (28. Rf2 $6 exf4 29. Rxf4 Qe5 30. Nd4 Qxa5 31. Rh4 Kh8 $15 {
[%csl Re1]}) 28... gxf5 (28... f6 $5) 29. exf5 Qf6 30. Rf2 Kh8 31. Nd2 Rg8 32.
Ne4 Qh4 $132 (32... Bxe4 33. Qxe4 Rc8 34. c4 $14) 33. f6 Rdd8 $2 {Decisive
mistake! Now white gets winning position.} (33... Rg6) 34. Ng3 Rg6 35. Nf5 Qb4
(35... Qxf6 $2 36. Nh6 Rxg2+ (36... Rxh6 37. Rxf6 Rxf6 38. Qg5 $18 {[%cal
Gg5d8]}) 37. Rxg2 Bxg2 38. Kxg2 Qg6+ 39. Kh1 f5 40. Rg1 Qe6 41. Qg5 Qd5+ 42.
Qg2 Qxg2+ 43. Rxg2 Rf8 44. Rg5 $18) 36. Ne7 Rg4 37. h3 $1 $18 Rgg8 (37... Re4
38. Qh6 {[%csl Gg7]} Qxe1+ 39. Kh2 $18) 38. Rd1 $6 (38. Nxg8 Rxg8 39. Qd2 $1
Qxb2 40. Qxd6 $18) 38... Qc5 $1 39. Qxc5 dxc5 40. Rxd8 Rxd8 41. Re2 Rd6 $8 42.
Rxe5 Rxf6 43. Rxc5 $18 Kg7 (43... Be4 $2 44. Rc8+ Kg7 45. Rg8+ Kh6 46. Rg4 $1
Re6 47. Ng8+ Kh5 48. Rxe4 $18 {[%cal Gg8f6]}) 44. Nxc6 bxc6 45. g4 Kf8 46. Kg2
Ke7 47. Kg3 Rd6 48. Kf4 Rh6 49. Kg3 Re6 50. Kf4 Rh6 51. Rc3 {[%cal Gc3b3,Gb3b6]
} Rf6+ 52. Ke4 Re6+ 53. Kd4 Kd6 54. Rf3 (54. Rb3 c5+ 55. Kc4 Re4+ 56. Kd3 Kd5
57. Rb6 $18) 54... c5+ 55. Kd3 Kc6 56. Rxf7 1-0

[Event "RUS-chT 12th"]
[Site "Sochi"]
[Date "2005.04.23"]
[Round "5"]
[White "Romanov, Evgeny"]
[Black "Shariyazdanov, Andrey"]
[Result "1-0"]
[WhiteElo "2437"]
[BlackElo "2603"]
[Annotator "Ftacnik,L"]
[PlyCount "95"]
[EventDate "2005.04.19"]
[EventType "team-tourn"]
[EventRounds "11"]
[EventCountry "RUS"]
[SourceTitle "EXT 2020"]
[Source "ChessBase"]
[SourceDate "2019.10.17"]
[SourceVersion "1"]
[SourceVersionDate "2019.10.17"]
[SourceQuality "1"]
[WhiteTeam "Vladivostok Debiut-DVGU"]
[BlackTeam "Sverdlovsk Ural region"]
[WhiteTeamCountry "RUS"]
[BlackTeamCountry "RUS"]

1. e4 c5 2. Nf3 Nc6 3. Nc3 g6 4. d4 cxd4 5. Nxd4 Bg7 6. Nb3 Nf6 7. Be2 O-O 8.
O-O d6 9. Bg5 a6 10. a4 Rb8 11. Re1 (11. f4 b5 12. axb5 axb5 13. Bf3 b4 (13...
Be6 14. Nd5 Nd7 15. c3 b4 16. Kh1 Nb6 17. cxb4 Nc4 18. Qe2 Nxb2 19. b5 Bxd5 20.
exd5 Nb4 21. Bxe7 {1-0 Fishbein,A-Rachels,S/USA 1986/ (77)}) 14. Na4 Na5 15. e5
Nxb3 16. cxb3 Ne8 17. Re1 f6 18. Bh4 Kh8 19. Bf2 Bd7 20. Bd4 {1-0 Zude,
E-Shirazi,K/Munich 1992/ (40)}) (11. Bh4 Be6 12. Kh1 Na5 13. e5 Nxb3 14. exf6
Bxf6 15. Bxf6 Nxa1 16. Bh4 Nxc2 17. Qxc2 Qd7 18. Qd2 f6 19. Bf3 d5 20. Bxd5
Rbd8 21. Bxe6+ Qxe6 {0-1 De Wit,J-Georgiev,K/Wijk aan Zee 1984/ (28)}) 11...
Be6 12. Qd2 (12. Bf1 Na5 13. Nd4 Bc4 14. Bxc4 Nxc4 15. b3 Ne5 16. Nd5 Nxd5 17.
exd5 Re8 18. Qd2 Qb6 19. Rad1 {1-0 Sigurjonsson,G-Jonsson,B/Reykjavik 1986/ 
(39)}) 12... Nd7 {The black's defense in the line with short castles is not so
simple, white has an easy plan to use his active bishop on g5.} 13. Rad1 Bxb3 (
13... Rc8 14. Nd5 Bxb2 15. c3 Ba3 16. Ra1 Bc5 17. a5 Ba7 $13) 14. cxb3 Nc5 15.
Bc4 (15. Qc2 Nd4 $15) 15... Ne5 (15... Rc8 16. Nd5 Re8 17. Bh4 Rb8 (17... Nd4
18. e5 dxe5 19. Nxe7+ Rxe7 20. Bxe7 Nf3+ 21. gxf3 Qxe7 22. a5 $16) 18. Qe3 (18.
f4 b5) 18... Bxb2 $13) 16. Nd5 Re8 (16... Nxc4 17. bxc4 f6 18. Be3 Nxa4 19. Qb4
Qd7 20. Nxe7+ Qxe7 21. Qxa4 $16) 17. f4 Nxc4 $6 {Shariyazdanov is showing
courage and plans to eat the a4 pawn. It seems that he had to keep both
knights in order to slow down white's attack.} (17... Nc6 $5 18. e5 (18. Qe3 b5
19. axb5 axb5 20. Be2 Ne6 21. Qg3) 18... Ne6 19. exd6 Bd4+ 20. Kh1 Qxd6 $13)
18. bxc4 h6 19. Bh4 Nxa4 20. e5 $1 Nb6 (20... dxe5 $2 21. Qb4 $1 Nxb2 (21... b5
22. Nxe7+ $18) 22. Qxb2 Qa5 23. fxe5 $18) (20... Qd7 21. b3 Nc5 22. exd6 exd6 (
22... e6 23. Nf6+ Bxf6 24. Bxf6 $16) 23. Bf6 $16) 21. Nxe7+ $5 {Romanov can
finally benefit from the concentrated activity of his pieces in the center.} (
21. exd6 Nxd5 22. Qxd5 (22. dxe7 Nxe7 $15) 22... Qxd6 23. Rxe7 Qxf4 $1 (23...
Qxd5 $2 24. cxd5 Bxb2 25. d6 f6 26. Rxe8+ Rxe8 27. d7 Rd8 28. Bf2 $18) 24. Bg3
Qf6 25. Rd7 Rbc8 $11) 21... Rxe7 (21... Kh7 22. Qb4 $16) 22. Bxe7 Qxe7 23. exd6
(23. Qxd6 Qxd6 24. exd6 Rd8 25. b3 Bc3 26. Re7 Nc8 27. Rxb7 Rxd6 28. Rd7 Bb4
$15) 23... Qd7 (23... Qf6 24. d7 Rd8 25. Re8+ Kh7 26. Rxd8 Qxd8 27. Qa5 Bf6 28.
c5 Na8 29. Qxd8 Bxd8 30. Re1 Nc7 31. Re8 Ne6 32. g4 Bc7 33. b4 Nd8 34. Kf2 $16)
24. Re7 Qf5 $2 {It is easy to see ghosts in the defense and overlook the
simple threat. After this move white can win back the piece for his mighty d
pawn.} (24... Qc6 $1 25. Rc7 Nxc4 (25... Qa4 26. c5 Na8 27. Re7 Bf6 28. Ree1
Qd7 29. b4 $14) 26. Rxc6 Nxd2 27. Rc7 Nb3 28. d7 Rd8 29. Re1 $14) 25. d7 $1
Qc5+ (25... Nxd7 26. Rxd7 Qc5+ 27. Kh1 (27. Qf2 Qxc4 28. f5 gxf5 29. Qxf5 Bxb2
30. R1d5 Rf8) 27... Qxc4 28. Qe3 Bxb2 29. f5 Bg7 30. fxg6 $16) 26. Qe3 Nxd7 (
26... Qxe3+ 27. Rxe3 Nxd7 28. Rxd7 Bxb2 29. Rb3 Bc1 30. g3 $18) 27. Rdxd7 Qxe3+
28. Rxe3 Bf8 {[%mdl 4096] The defender can not claim even a pawn for his
missing exchange, his resistance is thus rather hopeless.} (28... Bxb2 29. Rb3
$18) 29. Kf1 b6 30. Red3 Rc8 31. b3 (31. Rd8 Rxc4 32. f5 Rf4+ 33. Rf3 $16)
31... Rc6 32. Ke2 Bc5 33. Rb7 h5 34. g3 Rf6 35. Kf3 a5 (35... Kg7 36. Ra7 a5
37. Rd5 $18) 36. h3 Kg7 37. Rdd7 Bg1 38. g4 $1 {The simple advance of the g
pawn will easily break black's defensive set up.} hxg4+ 39. hxg4 g5 (39... Bh2
40. g5 $1 Rf5 (40... Rxf4+ 41. Kg2 Rh4 42. Rxf7+ Kg8 43. Rfd7 $18) 41. Rd4 $18)
40. f5 Bh2 41. Ke4 Bg3 42. Kd5 Bf4 43. c5 $1 bxc5 44. Kxc5 Bg3 45. Kb5 Be1 46.
Rb6 {The last drop, without rook black will not be able even to pretend, that
he can keep up the fight for draw.} Rxb6+ 47. Kxb6 Kf6 48. Rd5 (48. Rd5 Bc3 49.
Rxa5 $18) 1-0